[Event "AUT-ch U18"]
[Site "St Veit"]
[Date "2017.04.11"]
[Round "5"]
[White "Tauber, Andreas"]
[Black "Schlager, Florian"]
[Result "1-0"]
[WhiteElo "1993"]
[BlackElo "1865"]
[PlyCount "71"]
[EventDate "2017.04.09"]
[EventType "swiss"]
[EventRounds "7"]
[EventCountry "AUT"]
[SourceTitle "CBM 178 Extra"]
[Source "ChessBase"]
[SourceDate "2017.06.22"]
[SourceVersion "1"]
[SourceVersionDate "2017.06.22"]
[SourceQuality "1"]

1. e4 e5 2. Nf3 Nf6 3. Nxe5 d6 4. Nxf7 Kxf7 5. d4 Be7 6. Bc4+ d5 7. Bb3 Re8 8. e5 Ne4 9. Qf3+ Kg8 10. Qxe4 Be6 11. Qe2 c5 12. c3 Nc6 13. Be3 Bg5 14. f4 cxd4 15. cxd4 Bh4+ 16. g3 Be7 17. Nc3 Bb4 18. 0-0 g6 19. g4 Bxc3 20. bxc3 Rf8 21. Qg2 Kh8 22. Rf3 Qh4 23. Rg3 Ne7 24. Bd1 Rac8 25. Bd2 Ng8 26. Bc2 Qe7 27. Kh1 b5 28. Rg1 b4 29. f5 bxc3 30. Bxc3 Bf7 31. Rh3 Rc6 32. fxg6 Bxg6 33. Bxg6 Rxg6 34. Qxd5 Qg5 35. Rf3 Rd8 36. Qe4 1-0

[Event "AUT-ch U18"]
[Site "St Veit"]
[Date "2016.03.24"]
[Round "7"]
[White "Schlager, Florian"]
[Black "Fuchs, Daniel"]
[Result "1-0"]
[WhiteElo "1883"]
[BlackElo "1541"]
[PlyCount "99"]
[EventDate "2016.03.20"]
[EventType "swiss"]
[EventRounds "7"]
[EventCountry "AUT"]
[SourceTitle "CBM 171 Extra"]
[Source "ChessBase"]
[SourceDate "2016.04.26"]
[SourceVersion "1"]
[SourceVersionDate "2016.04.26"]
[SourceQuality "1"]

1. Nf3 d5 2. c4 e6 3. g3 Nf6 4. Bg2 c6 5. b3 Bd6 6. 0-0 Nbd7 7. d4 0-0 8. Nc3 Re8 9. Qc2 b6 10. Rd1 Bb7 11. e4 dxe4 12. Nxe4 Nxe4 13. Qxe4 Nf6 14. Qc2 Qc8 15. Bb2 Be7 16. Ne5 Rd8 17. Qe2 Qc7 18. Rac1 c5 19. Bxb7 Qxb7 20. Qf3 Qxf3 21. Nxf3 Rac8 22. Ba3 Re8 23. Kf1 Kf8 24. Ne5 Rc7 25. f3 Rec8 26. dxc5 Bxc5 27. Bxc5+ Rxc5 28. Nd7+ Nxd7 29. Rxd7 R5c7 30. Rcd1 Ke8 31. R7d3 Ke7 32. Kf2 Rb8 33. a4 g6 34. Ke3 Rbb7 35. f4 Rd7 36. Rxd7+ Rxd7 37. Rxd7+ Kxd7 38. b4 Kd6 39. Kd4 f6 40. g4 e5+ 41. Ke4 exf4 42. Kxf4 Ke6 43. h4 h6 44. h5 gxh5 45. gxh5 a6 46. Ke4 f5+ 47. Kf4 Kf6 48. b5 a5 49. c5 bxc5 50. b6 1-0

[Event "AUT-ch U18"]
[Site "St Veit"]
[Date "2016.03.21"]
[Round "3"]
[White "Kruckenhauser, Arthur"]
[Black "Schlager, Florian"]
[Result "1-0"]
[WhiteElo "1713"]
[BlackElo "1883"]
[PlyCount "57"]
[EventDate "2016.03.20"]
[EventType "swiss"]
[EventRounds "7"]
[EventCountry "AUT"]
[SourceTitle "CBM 171 Extra"]
[Source "ChessBase"]
[SourceDate "2016.04.26"]
[SourceVersion "1"]
[SourceVersionDate "2016.04.26"]
[SourceQuality "1"]

1. e4 e5 2. Nf3 Nf6 3. Bc4 Nc6 4. d3 Bc5 5. c3 d5 6. exd5 Nxd5 7. Qb3 0-0 8. Bxd5 Na5 9. Qd1 Qxd5 10. 0-0 Nc6 11. b4 Be7 12. c4 Qd8 13. b5 Na5 14. Bb2 f6 15. Bc3 c5 16. Qd2 b6 17. Bxa5 bxa5 18. Qe3 Bb7 19. Nc3 Qc7 20. Nd2 Rfd8 21. Nb3 Rd7 22. Na4 Rc8 23. Qh3 Rdd8 24. Rad1 Kh8 25. Rfe1 Kg8 26. f4 exf4 27. Nxa5 Qxa5 28. Rxe7 Qxa4 29. Qg4 1-0

[Event "Feffernitz op 24th"]
[Site "Feffernitz"]
[Date "2015.08.16"]
[Round "1"]
[White "Schlager, Florian"]
[Black "Petschar, Kurt"]
[Result "0-1"]
[WhiteElo "1856"]
[BlackElo "2266"]
[PlyCount "92"]
[EventDate "2015.08.16"]
[EventType "swiss"]
[EventRounds "9"]
[EventCountry "AUT"]
[SourceTitle "EXT 2016"]
[Source "ChessBase"]
[SourceDate "2015.10.08"]
[SourceVersion "1"]
[SourceVersionDate "2015.10.08"]
[SourceQuality "1"]

1. d4 d5 2. c4 e6 3. Nf3 c5 4. e3 Nf6 5. b3 cxd4 6. exd4 Nc6 7. Bb2 Be7 8. cxd5 Nxd5 9. Be2 Nf4 10. Nc3 Nxg2+ 11. Kf1 Nf4 12. Rg1 Ng6 13. d5 exd5 14. Qxd5 Bh3+ 15. Ke1 Bf6 16. Rd1 Qxd5 17. Rxd5 0-0 18. Rg3 Nf4 19. Rd2 Nxe2 20. Rxe2 Bf5 21. Nd5 Bxb2 22. Rxb2 Rad8 23. Nf6+ Kh8 24. Nh5 g6 25. Nf4 Rfe8+ 26. Kf1 Rd1+ 27. Kg2 Be4 28. Kh3 Bf5+ 29. Kg2 Kg7 30. Nh5+ Kh8 31. Ng5 Re7 32. Nf4 h6 33. Nf3 Kg7 34. Nh5+ Kf8 35. Nf4 a6 36. Rd2 Rxd2 37. Nxd2 Rd7 38. Nf1 Be4+ 39. Kg1 Nd4 40. Re3 Bc6 41. h3 Nf3+ 42. Kg2 Rd1 43. Rc3 Nd2+ 44. f3 Rxf1 45. Rd3 Rxf3 46. Rxf3 Nxf3 0-1

[Event "Styrian op U14/16 20th"]
[Site "Mureck"]
[Date "2013.08.07"]
[Round "8"]
[White "Opietnik, Christoph"]
[Black "Schlager, Florian"]
[Result "0-1"]
[WhiteElo "1633"]
[BlackElo "1657"]
[PlyCount "156"]
[EventDate "2013.07.31"]
[EventType "swiss"]
[EventRounds "9"]
[EventCountry "AUT"]
[SourceTitle "EXT 2015"]
[Source "ChessBase"]
[SourceDate "2014.11.20"]
[SourceVersion "1"]
[SourceVersionDate "2014.11.20"]
[SourceQuality "1"]

1. e4 c6 2. d4 d5 3. Nc3 dxe4 4. Nxe4 Bf5 5. Ng3 Bg6 6. h4 h6 7. Nf3 Nd7 8. h5 Bh7 9. Bd3 Bxd3 10. Qxd3 Qc7 11. Bd2 e6 12. 0-0-0 Ngf6 13. Qe2 Bd6 14. Nf5 0-0-0 15. Nxd6+ Qxd6 16. Ne5 Qe7 17. Rh3 Nxe5 18. dxe5 Nd5 19. Ra3 Kb8 20. Qg4 Rhg8 21. Qa4 a6 22. Rb3 Ka8 23. Ba5 Rd7 24. Rbd3 b5 25. Qd4 Rb7 26. Bd2 f5 27. exf6 Qxf6 28. Qc5 Rc8 29. Ra3 Ra7 30. Re1 Rcc7 31. Kb1 Qe7 32. Qd4 Rd7 33. Qe5 Nb6 34. Qe2 Rxd2 35. Qxd2 Nc4 36. Qc3 Nxa3+ 37. bxa3 Rc7 38. Kb2 Kb7 39. Qe5 Qf7 40. f3 Re7 41. Kb1 g6 42. hxg6 Qxg6 43. Qd6 Qf6 44. Re5 Qf7 45. f4 Rd7 46. Qxe6 Qxe6 47. Rxe6 Rd1+ 48. Kb2 Rf1 49. g3 h5 50. Rh6 Rg1 51. Rxh5 Rxg3 52. Rh7+ Kb6 53. f5 Rf3 54. Rf7 Kc5 55. Rf8 Kc4 56. f6 Kc5 57. f7 a5 58. Kc1 Rf2 59. Kb2 Rf3 60. a4 bxa4 61. a3 Kc4 62. Ra8 Rxf7 63. Rxa5 Rf3 64. Rxa4+ Kb5 65. Rb4+ Kc5 66. c3 Rh3 67. Rg4 Kb5 68. Kb3 Rh1 69. Rg5+ Kb6 70. Rf5 Rg1 71. Rh5 Rf1 72. Rg5 Rh1 73. Rg4 Kb5 74. a4+ Kb6 75. Rg2 Rh4 76. c4 Rh1 77. Rb2 Rh3+ 78. Kb4 c5# 0-1

[Event "Styrian op U14/16 20th"]
[Site "Mureck"]
[Date "2013.08.05"]
[Round "6"]
[White "Schlager, Florian"]
[Black "Khalakhan, Jurij"]
[Result "1/2-1/2"]
[WhiteElo "1657"]
[BlackElo "1768"]
[PlyCount "138"]
[EventDate "2013.07.31"]
[EventType "swiss"]
[EventRounds "9"]
[EventCountry "AUT"]
[SourceTitle "EXT 2015"]
[Source "ChessBase"]
[SourceDate "2014.11.20"]
[SourceVersion "1"]
[SourceVersionDate "2014.11.20"]
[SourceQuality "1"]

1. d4 Nf6 2. c4 g6 3. Nc3 d6 4. e4 Bg7 5. f4 0-0 6. Nf3 Nbd7 7. Be2 c5 8. d5 Ne8 9. Qc2 e6 10. 0-0 Nb6 11. Rb1 f5 12. exf5 exf5 13. Re1 Nf6 14. Bf1 Re8 15. b3 Rxe1 16. Nxe1 Ne4 17. Bb2 Bd4+ 18. Kh1 Nf2+ 19. Kg1 Nd1+ 20. Kh1 Nxb2 21. Qxb2 Qf6 22. Rc1 Be3 23. Rc2 Bxf4 24. Ne2 Be5 25. Qc1 Qg7 26. g3 Bd7 27. Bg2 Re8 28. Nf3 Bf6 29. Nf4 Nc8 30. Qd2 b6 31. Rc1 Kf7 32. b4 h6 33. bxc5 bxc5 34. Qa5 g5 35. Nh5 Qg6 36. Nxf6 Qxf6 37. Re1 Rxe1+ 38. Qxe1 Qb2 39. Qd2 Qb1+ 40. Ng1 Qa1 41. Bf3 Kf6 42. h4 Qd4 43. hxg5+ hxg5 44. Qh2 g4 45. Qh6+ Kf7 46. Be2 Qg7 47. Qf4 Kg6 48. Qd2 Qh6+ 49. Qxh6+ Kxh6 50. Bd3 Kg5 51. Ne2 Ne7 52. Kg2 Ng6 53. Kf2 Ne5 54. Ke3 Ba4 55. Nf4 a5 56. Ne2 Bd1 57. Nf4 Bf3 58. Ne6+ Kf6 59. Nf4 Be4 60. Be2 a4 61. a3 Nf3 62. Nh5+ Ke5 63. Nf4 Ne1 64. Bd1 Bc2 65. Be2 Bb3 66. Bd3 Bxc4 67. Bxc4 Nc2+ 68. Kd3 Nxa3 69. Ba6 c4+ 1/2-1/2

[Event "Styrian op U14/16 20th"]
[Site "Mureck"]
[Date "2013.08.02"]
[Round "3"]
[White "Schlager, Florian"]
[Black "Gooss, Christoph"]
[Result "1/2-1/2"]
[WhiteElo "1657"]
[BlackElo "1497"]
[PlyCount "65"]
[EventDate "2013.07.31"]
[EventType "swiss"]
[EventRounds "9"]
[EventCountry "AUT"]
[SourceTitle "EXT 2015"]
[Source "ChessBase"]
[SourceDate "2014.11.20"]
[SourceVersion "1"]
[SourceVersionDate "2014.11.20"]
[SourceQuality "1"]

1. d4 d5 2. c4 c6 3. Nf3 Nd7 4. Nc3 e6 5. e3 Bb4 6. Bd2 Ngf6 7. Bd3 b6 8. Qa4 Bxc3 9. Bxc3 Bb7 10. 0-0 0-0 11. Qc2 g6 12. Nd2 Qc7 13. h3 Rfe8 14. e4 dxe4 15. Nxe4 Nxe4 16. Bxe4 Rad8 17. Rad1 f5 18. Bf3 c5 19. Bxb7 Qxb7 20. dxc5 Nxc5 21. Rxd8 Rxd8 22. Rd1 Qc7 23. Rxd8+ Qxd8 24. a3 Ne4 25. b4 Nxc3 26. Qxc3 Kf7 27. Kh1 Qf6 28. Qd3 Qa1+ 29. Kh2 Qe5+ 30. g3 Qe1 31. Qd7+ Kf6 32. Qd4+ e5 33. Qd6+ 1/2-1/2

[Event "AUT-ch U14"]
[Site "Linz"]
[Date "2013.05.21"]
[Round "7"]
[White "Schlager, Florian"]
[Black "Kogler, Paul"]
[Result "0-1"]
[WhiteElo "1582"]
[BlackElo "1591"]
[PlyCount "60"]
[EventDate "2013.05.18"]
[EventType "swiss"]
[EventRounds "7"]
[EventCountry "AUT"]
[SourceTitle "EXT 2015"]
[Source "ChessBase"]
[SourceDate "2014.11.20"]
[SourceVersion "1"]
[SourceVersionDate "2014.11.20"]
[SourceQuality "1"]

1. d4 Nf6 2. c4 d6 3. Nc3 e5 4. dxe5 dxe5 5. Qxd8+ Kxd8 6. Bg5 Nbd7 7. 0-0-0 Bd6 8. Nd5 h6 9. Bxf6+ gxf6 10. g3 c6 11. Nxf6 Nxf6 12. Rxd6+ Ke7 13. Rxf6 Kxf6 14. Bg2 Bf5 15. h3 Rad8 16. Nf3 Be4 17. Nh4 Bxg2 18. Nxg2 Ke6 19. Kc2 Rd4 20. Rd1 Rxc4+ 21. Kb3 Rd4 22. Rxd4 exd4 23. Kc4 Rd8 24. e3 dxe3 25. Nxe3 Rd2 26. Kc3 Rxf2 27. Ng4 Rf3+ 28. Kc2 h5 29. Nh6 Rxg3 30. h4 Rg6 0-1

[Event "AUT-ch U14"]
[Site "Linz"]
[Date "2013.05.20"]
[Round "6"]
[White "Totschnig, Hans Peter"]
[Black "Schlager, Florian"]
[Result "0-1"]
[WhiteElo "1464"]
[BlackElo "1582"]
[PlyCount "72"]
[EventDate "2013.05.18"]
[EventType "swiss"]
[EventRounds "7"]
[EventCountry "AUT"]
[SourceTitle "EXT 2015"]
[Source "ChessBase"]
[SourceDate "2014.11.20"]
[SourceVersion "1"]
[SourceVersionDate "2014.11.20"]
[SourceQuality "1"]

1. e4 c6 2. d4 d5 3. exd5 cxd5 4. Bd3 Nc6 5. c3 Nf6 6. h3 e6 7. Nf3 Qc7 8. 0-0 h6 9. Be3 Bd6 10. Nbd2 0-0 11. Qc2 Re8 12. Rfe1 b6 13. b4 Bb7 14. a4 Rac8 15. Rec1 Qd8 16. Nb3 Nxb4 17. Qd2 Nxd3 18. Qxd3 Ne4 19. a5 Bc7 20. axb6 Bxb6 21. Ne5 Nd6 22. Bf4 Nc4 23. Nxc4 dxc4 24. Qg3 cxb3 25. Bxh6 Qf6 26. Bg5 Qg6 27. Rab1 f6 28. Bf4 Qxg3 29. Bxg3 Bd5 30. Bh2 Ba5 31. g4 Bxc3 32. Rd1 b2 33. f4 Be4 34. Kf2 Bxb1 35. Rxb1 Bxd4+ 36. Ke2 Rc1 0-1

[Event "Zwettl op"]
[Site "Zwettl"]
[Date "2012.07.29"]
[Round "9"]
[White "Schlager, Florian"]
[Black "Kirschenhofer, Sabine"]
[Result "1-0"]
[WhiteElo "1505"]
[BlackElo "1299"]
[PlyCount "61"]
[EventDate "2012.07.21"]
[EventType "swiss"]
[EventRounds "9"]
[EventCountry "AUT"]
[SourceTitle "CBM 149 Extra"]
[Source "ChessBase"]
[SourceDate "2012.08.24"]
[SourceVersion "1"]
[SourceVersionDate "2012.08.24"]
[SourceQuality "1"]

1. e4 e5 2. Nf3 Nc6 3. Bb5 a6 4. Bxc6 dxc6 5. Nc3 Bd6 6. d4 exd4 7. Qxd4 f6 8. 0-0 Be6 9. e5 Be7 10. exf6 Nxf6 11. Qe5 Qd6 12. Re1 Qxe5 13. Nxe5 Bf5 14. Re2 Rd8 15. Bg5 Rd6 16. Nc4 Re6 17. Rae1 Rxe2 18. Rxe2 Kd8 19. Ne5 Re8 20. Bxf6 gxf6 21. Nc4 Bf8 22. Rxe8+ Kxe8 23. Ne3 Bg6 24. Ne2 Bd6 25. c3 Kf7 26. f4 Bc5 27. Kf2 Ke6 28. Kf3 Bxe3 29. Kxe3 Kf5 30. h3 h5 31. Nd4# 1-0

[Event "Zwettl op"]
[Site "Zwettl"]
[Date "2012.07.27"]
[Round "7"]
[White "Hapala, Katharina"]
[Black "Schlager, Florian"]
[Result "1-0"]
[WhiteElo "1469"]
[BlackElo "1505"]
[PlyCount "107"]
[EventDate "2012.07.21"]
[EventType "swiss"]
[EventRounds "9"]
[EventCountry "AUT"]
[SourceTitle "CBM 149 Extra"]
[Source "ChessBase"]
[SourceDate "2012.08.24"]
[SourceVersion "1"]
[SourceVersionDate "2012.08.24"]
[SourceQuality "1"]

1. e4 c6 2. d4 d5 3. exd5 cxd5 4. Be3 Nf6 5. Nf3 Bg4 6. Nbd2 Nc6 7. c4 e6 8. b3 Bb4 9. Be2 Ne4 10. 0-0 Nc3 11. Qe1 Nxe2+ 12. Qxe2 Qf6 13. cxd5 Nxd4 14. Bxd4 Qe7 15. Qb5+ Kf8 16. dxe6 fxe6 17. Ne5 Bf5 18. a3 Bd6 19. Ndc4 Kg8 20. Nxd6 Qxd6 21. Qxb7 Rf8 22. Qxa7 h6 23. Nc4 Rf7 24. Nxd6 Rxa7 25. Bxa7 Bd3 26. Rfe1 Kh7 27. Rxe6 Rd8 28. h3 Bc2 29. b4 Bb3 30. Nb7 Rd7 31. Rb6 Bd5 32. Rd1 Rxb7 33. Rxb7 Bxb7 34. Rd6 h5 35. a4 Bc8 36. Be3 g5 37. Bxg5 Kg7 38. b5 h4 39. b6 Ba6 40. Bxh4 Kf8 41. Rd8+ Kf7 42. b7 Bxb7 43. Rd7+ Ke6 44. Rxb7 Kd6 45. a5 Kc5 46. Rb1 Kd6 47. a6 Ke5 48. Rb4 Kf5 49. a7 Kg6 50. Rb5 Kh6 51. a8Q Kg6 52. Qa6+ Kg7 53. Rb7+ Kg8 54. Qa8# 1-0

[Event "Zwettl op"]
[Site "Zwettl"]
[Date "2012.07.26"]
[Round "6"]
[White "Neller, Michael"]
[Black "Schlager, Florian"]
[Result "1/2-1/2"]
[WhiteElo "1561"]
[BlackElo "1505"]
[PlyCount "26"]
[EventDate "2012.07.21"]
[EventType "swiss"]
[EventRounds "9"]
[EventCountry "AUT"]
[SourceTitle "CBM 149 Extra"]
[Source "ChessBase"]
[SourceDate "2012.08.24"]
[SourceVersion "1"]
[SourceVersionDate "2012.08.24"]
[SourceQuality "1"]

1. c4 Nf6 2. g3 g6 3. Nc3 Bg7 4. d3 d6 5. Bg2 0-0 6. Bd2 c6 7. b4 d5 8. Rb1 Be6 9. Qb3 Qd7 10. Qd1 Qd8 11. Qb3 Qd7 12. Qd1 Qd8 13. Qb3 Qd7 1/2-1/2

[Event "Zwettl op"]
[Site "Zwettl"]
[Date "2012.07.24"]
[Round "4"]
[White "Noebauer, Klaus"]
[Black "Schlager, Florian"]
[Result "1/2-1/2"]
[WhiteElo "1729"]
[BlackElo "1505"]
[PlyCount "66"]
[EventDate "2012.07.21"]
[EventType "swiss"]
[EventRounds "9"]
[EventCountry "AUT"]
[SourceTitle "CBM 149 Extra"]
[Source "ChessBase"]
[SourceDate "2012.08.24"]
[SourceVersion "1"]
[SourceVersionDate "2012.08.24"]
[SourceQuality "1"]

1. e4 c6 2. Nc3 d5 3. d4 dxe4 4. Nxe4 Bf5 5. Ng3 Bg6 6. Nf3 Nd7 7. Bc4 Qc7 8. c3 e6 9. Be3 Bd6 10. Nh4 Ngf6 11. Nxg6 hxg6 12. Qf3 0-0-0 13. 0-0-0 Nb6 14. Bb3 Rd7 15. Bg5 Be7 16. h4 Kb8 17. Ne2 Ka8 18. g3 Nfd5 19. Bxe7 Rxe7 20. Kb1 Ree8 21. c4 Nf6 22. Nc3 Rd8 23. d5 exd5 24. cxd5 c5 25. Rc1 c4 26. Bc2 Nfxd5 27. Be4 Nxc3+ 28. Qxc3 f5 29. Bd3 Rc8 30. Be2 Rhe8 31. Bf3 Red8 32. Be2 Re8 33. Bf3 Rcd8 1/2-1/2

[Event "Zwettl op"]
[Site "Zwettl"]
[Date "2012.07.23"]
[Round "3"]
[White "Schlager, Florian"]
[Black "Modliba, Franz"]
[Result "1/2-1/2"]
[WhiteElo "1505"]
[BlackElo "1563"]
[PlyCount "47"]
[EventDate "2012.07.21"]
[EventType "swiss"]
[EventRounds "9"]
[EventCountry "AUT"]
[SourceTitle "CBM 149 Extra"]
[Source "ChessBase"]
[SourceDate "2012.08.24"]
[SourceVersion "1"]
[SourceVersionDate "2012.08.24"]
[SourceQuality "1"]

1. e4 c5 2. Nf3 d6 3. Nc3 Nf6 4. d4 cxd4 5. Nxd4 a6 6. Bc4 e6 7. Bg5 Be7 8. Bxf6 Bxf6 9. Nde2 Qc7 10. Bb3 b5 11. a3 Nc6 12. 0-0 0-0 13. Kh1 Rd8 14. f4 Be7 15. Rf3 Bd7 16. Qd3 Rf8 17. Rg3 Kh8 18. Nd4 Rad8 19. Nde2 Bc8 20. Qe3 Bd7 21. Qd3 Bc8 22. Qe3 Bd7 23. Qd3 Bc8 24. Qe3 1/2-1/2

[Event "AUT-ch U12"]
[Site "Altenmark"]
[Date "2011.06.13"]
[Round "6"]
[White "Schlager, Florian"]
[Black "Atzl, Alexander"]
[Result "1/2-1/2"]
[WhiteElo "1548"]
[BlackElo "1570"]
[PlyCount "51"]
[EventDate "2011.06.11"]
[EventType "swiss"]
[EventRounds "7"]
[EventCountry "AUT"]
[SourceTitle "EXT 2013"]
[Source "ChessBase"]
[SourceDate "2012.11.22"]
[SourceVersion "1"]
[SourceVersionDate "2012.11.22"]
[SourceQuality "1"]

1. e4 e5 2. Nf3 Nc6 3. Bb5 Bc5 4. c3 Nf6 5. 0-0 a6 6. Ba4 b5 7. Bc2 0-0 8. d4 exd4 9. cxd4 Bb6 10. Bg5 h6 11. Bh4 Qe8 12. Bxf6 gxf6 13. a3 Ne7 14. Qd3 Ng6 15. e5 Qe6 16. Re1 Bb7 17. Nfd2 Kg7 18. h3 Rg8 19. Bb3 Qe7 20. Bc2 Kf8 21. Qe3 fxe5 22. dxe5 Nxe5 23. Qxh6+ Rg7 24. Qh8+ Rg8 25. Qh6+ Rg7 26. Qh8+ 1/2-1/2

[Event "AUT-ch U12"]
[Site "Altenmark"]
[Date "2011.06.11"]
[Round "2"]
[White "Haidenberger, Felix"]
[Black "Schlager, Florian"]
[Result "0-1"]
[WhiteElo "1330"]
[BlackElo "1548"]
[PlyCount "66"]
[EventDate "2011.06.11"]
[EventType "swiss"]
[EventRounds "7"]
[EventCountry "AUT"]
[SourceTitle "EXT 2013"]
[Source "ChessBase"]
[SourceDate "2012.11.22"]
[SourceVersion "1"]
[SourceVersionDate "2012.11.22"]
[SourceQuality "1"]

1. e4 c6 2. d4 d5 3. Nc3 dxe4 4. Nxe4 Bf5 5. Bd3 Qxd4 6. Qf3 e6 7. Be3 Qxb2 8. Rd1 Bxe4 9. Bxe4 Nf6 10. Bf4 Qb4+ 11. c3 Qxe4+ 12. Ne2 Qxf3 13. gxf3 Nbd7 14. 0-0 Bc5 15. c4 0-0 16. Kh1 Nb6 17. Rc1 Rad8 18. Bg3 Rd2 19. Nc3 Rfd8 20. Kg2 Nxc4 21. Ne4 Nxe4 22. Rxc4 Nxg3 23. hxg3 Bb6 24. Rf4 Rxa2 25. Rh4 Rdd2 26. Rh2 Rxf2+ 27. Rxf2 Rxf2+ 28. Kh3 Rxh2+ 29. Kxh2 a5 30. Kg2 a4 31. Kh3 a3 32. Kg2 a2 33. Kh3 a1Q 0-1

[Event "Vienna 4Kids op"]
[Site "Vienna"]
[Date "2010.12.11"]
[Round "8.6"]
[White "Schlager, Florian"]
[Black "Mayrhuber, Nikola"]
[Result "1-0"]
[WhiteElo "1460"]
[BlackElo "1200"]
[PlyCount "81"]
[EventDate "2010.10.26"]
[EventType "swiss"]
[EventRounds "9"]
[EventCountry "AUT"]
[SourceTitle "EXT 2024"]
[Source "ChessBase"]
[SourceDate "2023.10.10"]
[SourceVersion "1"]
[SourceVersionDate "2023.10.10"]
[SourceQuality "1"]

1. c4 e5 2. Nc3 Bc5 3. Nf3 Nc6 4. e3 Nf6 5. d4 exd4 6. exd4 Be7 7. Be2 d5 8. 0-0 0-0 9. b3 h6 10. h3 Bf5 11. a3 Qd7 12. Bb2 Rad8 13. c5 b6 14. b4 a5 15. b5 Na7 16. c6 Qe6 17. Re1 Be4 18. a4 Bb4 19. Ne5 Qf5 20. Bg4 Qg5 21. Bc1 Qxg4 22. Nxg4 Bxc3 23. Nxf6+ gxf6 24. Bxh6 Rfe8 25. Qg4+ Bg6 26. Rxe8+ Rxe8 27. Rd1 Kh7 28. Be3 Re4 29. Qf3 Nc8 30. Qxf6 Nd6 31. f3 Re6 32. Qh4+ Kg8 33. Qg5 Nf5 34. Bf2 Kg7 35. h4 Kh7 36. h5 Ne3 37. hxg6+ fxg6 38. Bxe3 Rf6 39. Qxf6 g5 40. Bxg5 Bxd4+ 41. Rxd4 1-0

[Event "AUT-ch U12"]
[Site "Eisenstadt"]
[Date "2010.05.23"]
[Round "3.10"]
[White "Allacher, Alexander"]
[Black "Schlager, Florian"]
[Result "0-1"]
[WhiteElo "1299"]
[BlackElo "1314"]
[PlyCount "64"]
[EventDate "2010.05.22"]
[EventType "swiss"]
[EventRounds "7"]
[EventCountry "AUT"]
[SourceTitle "EXT 2024"]
[Source "ChessBase"]
[SourceDate "2023.10.10"]
[SourceVersion "1"]
[SourceVersionDate "2023.10.10"]
[SourceQuality "1"]

1. e4 e5 2. Nf3 Nc6 3. Nc3 Nf6 4. Be2 Bb4 5. 0-0 0-0 6. a3 Bxc3 7. dxc3 d5 8. exd5 Qxd5 9. Bd3 e4 10. c4 Qd6 11. c5 Qxc5 12. b4 Qd6 13. Bc4 Qxd1 14. Rxd1 exf3 15. gxf3 h6 16. Kh1 Bf5 17. Rg1 Kh7 18. Bb3 Nd4 19. Ra2 Nxf3 20. Rg3 Be4 21. Bf4 Nh5 22. Rg4 Ne5+ 23. Kg1 Rad8 24. f3 Nxg4 25. fxg4 Nxf4 26. Kf2 Ne6 27. c4 f5 28. Re2 fxg4+ 29. Kg3 Rd3+ 30. Kxg4 Bf3+ 31. Kh4 Bxe2 32. Bc2 Rf4# 0-1

[Event "AUT-ch U12"]
[Site "Eisenstadt"]
[Date "2010.05.23"]
[Round "4.9"]
[White "Schlager, Florian"]
[Black "Atzl, Alexander"]
[Result "1-0"]
[WhiteElo "1314"]
[BlackElo "1564"]
[PlyCount "67"]
[EventDate "2010.05.22"]
[EventType "swiss"]
[EventRounds "7"]
[EventCountry "AUT"]
[SourceTitle "EXT 2024"]
[Source "ChessBase"]
[SourceDate "2023.10.10"]
[SourceVersion "1"]
[SourceVersionDate "2023.10.10"]
[SourceQuality "1"]

1. e4 e5 2. Nf3 Nc6 3. Bb5 Bc5 4. Bxc6 bxc6 5. Nxe5 Nf6 6. Nc3 0-0 7. d3 h6 8. 0-0 Re8 9. Nf3 d5 10. e5 Nh7 11. a3 Bg4 12. Re1 f6 13. h3 Bxf3 14. Qxf3 Rb8 15. Qg4 Kh8 16. d4 Bb6 17. b4 Rf8 18. Bb2 fxe5 19. Rxe5 Qf6 20. Rf1 Rbe8 21. Rxe8 Rxe8 22. Nd1 Re4 23. Qc8+ Nf8 24. Nc3 Re6 25. Nd1 Bxd4 26. Bxd4 Qxd4 27. Qxf8+ Kh7 28. Qf5+ Rg6 29. Ne3 Qc3 30. Ng4 Kh8 31. Qxg6 Qxa3 32. Re1 Qxb4 33. Re8+ Qf8 34. Rxf8# 1-0